Rozpoznaj park narodowy po krajobrazie - Statystyki

Ogólne statystyki
  • Ten quiz został rozwiązany 2 400 razy
  • Średni wynik to 11 z 23
Statystyki odpowiedzi
Obrazkowy Odpowiedź % Poprawnych
Tatrzański Park Narodowy
98%
Ojcowski Park Narodowy
83%
Bieszczadzki Par Narodowy
73%
Słowiński Park Narodowy
73%
Pieniński Park Narodowy
68%
Karkonoski Park narodowy
65%
Woliński Park Narodowy
62%
Świętokrzyski Park Narodowy
58%
Białowieski Park Narodowy
57%
Park Narodowy Gór Stołowych
52%
Biebrzański Park Narodowy
49%
Wigierski Park Narodowy
38%
Magurski Park Narodowy
37%
Gorczański nPark Narodowy
35%
Babiogórski Park Narodowy
34%
Roztoczański Park Narodowy
32%
Park Narodowy Ujście Warty
31%
Narwiański Park Narodowy
30%
Kampinoski Park Narodowy
29%
Poleski Park Narodowy
29%
Park Narodowy Bory Tucholskie
27%
Wielkopolski Park narodowy
25%
Drawieński Park Narodowy
22%
Nie znaleziono quizów pasujących do podanych kryteriów
Rozkład punktacji
Procent ludzi z każdym wynikiem
Percentyl według liczby udzielonych odpowiedzi
Twoja historia wyników
Nie rozwiązałeś tego quizu